000 00635nam a2200229Ia 4500
003 OSt
005 20220923225127.0
006 a|||||r|||| 00| 0
007 ta
008 220922b |||||||| |||| 00| 0 hin d
024 _a257,881
037 _cTextual
040 _aARTS
_cARTS
_bhin
041 _2hin
_ahin
082 _aR65,6:g, 152M4
100 _aकृष्ण प्रेम
_9156290
245 0 _aभगवद गीता का योग
246 _aBhagavad gītā kā yoga
260 _c1984
942 _hR65,6:g, 152M4
_cTEXL
_2CC
999 _c376251
_d376251